La economía del bien común (Registro nro. 7093)
[ vista simple ]
| 000 -LEADER | |
|---|---|
| fixed length control field | 01191 a2200241 4500 |
| 001 - CONTROL NUMBER | |
| control field | 60647 |
| 005 - DATE AND TIME OF LATEST TRANSACTION | |
| control field | 20260407155858.0 |
| 008 - FIXED-LENGTH DATA ELEMENTS--GENERAL INFORMATION | |
| fixed length control field | 260407a2014 arg spa d |
| 003 - CONTROL NUMBER IDENTIFIER | |
| control field | AR-UNSa-BCEJYS |
| 040 ## - CATALOGING SOURCE | |
| Original cataloging agency | AR-UNSa-BCEJYS |
| Language of cataloging | spa |
| Transcribing agency | AR-UNSa-BCEJYS |
| 080 ## - UNIVERSAL DECIMAL CLASSIFICATION NUMBER | |
| Universal Decimal Classification number | 330.342.146 |
| Common auxiliary subdivision | Economía social de mercado. Economía del estado del bienestar<br/> |
| 020 ## - INTERNATIONAL STANDARD BOOK NUMBER | |
| International Standard Book Number | 978-950-12-0166-6 |
| 041 ## - LANGUAGE CODE | |
| Language code of text/sound track or separate title | spa |
| 100 1# - MAIN ENTRY--PERSONAL NAME | |
| Personal name | Felber, Christian |
| 245 10 - TITLE STATEMENT | |
| Title | La economía del bien común |
| Name of part/section of a work | Un modelo económico que supera la dicotomía entre capitalismo y comunismo para maximizar el bienestar de nuestra sociedad |
| 264 #1 - PRODUCTION, PUBLICATION, DISTRIBUTION, MANUFACTURE, AND COPYRIGHT NOTICE | |
| Place of production, publication, distribution, manufacture | Buenos Aires : |
| Name of producer, publisher, distributor, manufacturer | Paidós |
| Date of production, publication, distribution, manufacture, or copyright notice | 2014 |
| 300 ## - PHYSICAL DESCRIPTION | |
| Extent | 286 p. |
| Dimensions | 20 cm. |
| 505 ## - FORMATTED CONTENTS NOTE | |
| Formatted contents note | 1. Análisis breve - 2.La economía del bien común- idea principal – 3. La banca democrática – 4. Propiedad – 5. Motivación y sentido – 6. Desarrollo de la democracia – 7. Ejemplos y modelos – 8. Estrategias para su ejecución – 9. Preguntas frecuentes – 10. Números, datos y resumen |
| 590 ## - LOCAL NOTE (RLIN) | |
| Local note | niveau_biblio:m niveau_hierar:0 |
| 700 1# - ADDED ENTRY--PERSONAL NAME | |
| Personal name | Yusta, Silvia |
| 856 41 - ELECTRONIC LOCATION AND ACCESS | |
| Uniform Resource Identifier | <a href="https://www.biblioeco.unsa.edu.ar/pmb/images/libros/L129287.jpg">https://www.biblioeco.unsa.edu.ar/pmb/images/libros/L129287.jpg</a> |
| Link text | Imagen de portada |
| Electronic format type | image/jpeg |
| 942 ## - ADDED ENTRY ELEMENTS (KOHA) | |
| Koha item type | |
| Withdrawn status | Lost status | Damaged status | Not for loan | Home library | Current library | Shelving location | Date acquired | Total checkouts | Full call number | Barcode | Date last seen | Price effective from | Koha item type |
|---|---|---|---|---|---|---|---|---|---|---|---|---|---|
| Biblioteca Prof. Eusebio Cleto del Rey | Biblioteca Prof. Eusebio Cleto del Rey | 07/04/2026 | 330.342.146 F311 | L129287 | 07/04/2026 | 07/04/2026 | Libro |